Deutsche Politiker - Statistiken

Allgemein
  • Dieses Quiz wurde 231 mal gespielt
  • Das Durchschnittsergebnis liegt bei 10 aus 15
Antwortstatistiken
Amt Name % Korrekt
Bundeskanzlerin Angela Merkel
97%
Co-Vorsitzende AfD-Bundestagsfraktion Alice Weidel
86%
Bundeskanzler Konrad Adenauer
86%
Bundeskanzler Gerhard Schröder
83%
Außenministerin Annalena Baerbock
82%
Bundeskanzler Willy Brandt
82%
Bundeskanzler Helmut Schmidt
80%
Gesundheitsminister(2017-2021) Jens Spahn
74%
Wirtschaftsminister Robert Habeck
71%
Bundeskanzler Ludwig Erhard
70%
AfD-Bundessprecher(2017-2019) Alexander Gauland
62%
Außenminister(1998-2005) Joschka Fischer
52%
Vizekanzler(2013-2018) Sigmar Gabriel
41%
Parlamentarischer Geschäftsführer CDU Thorsten Frei
32%
Parteivorsitzender SPD(1946-1952) Kurt Schumacher
20%
Keine übereinstimmenden Quizze gefunden
Verteilung der Resultate
Anzahl Personen mit jedem Resultat
Perzentil nach korrekt beantworteten Fragen
Ihre Resultats-Entwicklung
Sie haben dieses Quiz noch nicht gespielt